Kleinste Länder Südamerikas - Statistiken

Allgemein
  • Dieses Quiz wurde 347 mal gespielt
  • Das Durchschnittsergebnis liegt bei 9 aus 10
Antwortstatistiken
Rang Fläche in km² Land % Korrekt
5 406.752 Paraguay
96%
2 176.215 Uruguay
96%
6 756.102 Chile
95%
1 163.820 Suriname
95%
8 1.098.581 Bolivien
94%
3 214.969 Guyana
94%
10 1.285.216 Peru
94%
4 283.561 Ecuador
93%
9 1.137.910 Kolumbien
93%
7 912.050 Venezuela
92%
Keine übereinstimmenden Quizze gefunden
Verteilung der Resultate
Anzahl Personen mit jedem Resultat
Perzentil nach korrekt beantworteten Fragen
Ihre Resultats-Entwicklung
Sie haben dieses Quiz noch nicht gespielt